| 000 | 00589nam a22001577a 4500 | ||
|---|---|---|---|
| 005 | 20090725102947.0 | ||
| 008 | 090725t xxu||||| |||| 00| 0 eng d | ||
| 080 |
_a382.6:63.002.6(548.3) _bBAB |
||
| 100 |
_aBaby Jacob _91004 |
||
| 245 |
_aExport Development of Kerala: _ba blue print |
||
| 300 | _aiii, 238p. illus. | ||
| 942 | _cBK | ||
| 260 |
_aCochin _bSchool of Management Studies _c1985 _9999 |
||
| 500 | _aThesis (Ph.D) University of Cochin, 1985 | ||
| 952 |
_w2009-07-25 _pG0003478 _r2009-07-25 _40 _00 _bUL _10 _o382.6:63.002.6(548.3) BAB _d2009-07-25 _70 _2udc _yBK _aUL |
||
| 999 |
_c1810 _d1810 |
||